000 00543nam a2200181Ia 4500
003 LK-CoDNM
008 010623t2003 xxu||||| |||| 00| 1 sin d
040 _aLK-CoDNM
_dLK-CoDNM
_eLK-CoDNM
041 _asin
080 _a294.3PER
100 _aPerera,Standly
245 _aබුදු දහමින් ඔපවත් වුන යහපත් සමාජයක් -2
246 _aBudu Dahamin Opawath una Yahapath samajayak -2
260 _bAuthor
_aAlubomulla
_c2003
300 _b112p, 21 cm
650 _aBuddhism
942 _cBK
999 _c123036
_d123036